000 00428nam a2200169 a 4500
001 0000-8820
003 ELIB.Books
008 110520 1950
035 _a(ELIB.Books)0000-8966
082 _a810
_bHer
100 _aHerzberg, Max J.
245 _aThis is America
260 _bNew York: Pocket Books,Inc.
_c1950
650 _aAmerica
942 _2ddc
_cBK
998 _cbat
_e2011-05-20
_mcat
_u2019-07-09
999 _c8820
_d8820